Dias dificias (Record no. 157937)

MARC details
000 -LÍDER
campo de controle de tamanho fixo 00303nam a22001337a 4500
001 - NÚMERO DE CONTROLE
campo de controle 157937
005 - DATA E HORÁRIO DA ÚLTIMA TRANSAÇÃO
campo de controle 20240604100639.0
008 - CAMPO DE DADOS FIXOS--INFORMAÇÃO GERAL
campo de controle de tamanho fixo 240604b |||||||| |||| 00| 0 POR d
040 ## - FONTE DA CATALOGAÇÃO
Instituição que transcreveu o registro Colegio novo tempo
080 ## - CDU - CLASSIFICAÇÃO DECIMAL UNIVERSAL
Número da Classificação Decimal Universal (CDU) 970008
100 ## - ENTRADA PRINCIPAL--NOME PESSOAL
Nome pessoal Fanny A
9 (RLIN) 1658
245 ## - TÍTULO
Título Dias dificias
942 ## - ELEMENTOS DE ENTRADA ADICIONADOS (KOHA)
Fonte da classificação ou esquema de arquivamento na estante
Tipo de material Koha Livros
Ocultar no OPAC Não
Holdings
Situação do descarte Situação das perdas Fonte da classificação ou esquema de arquivamento na estante Situação física Não pode ser emprestado Biblioteca de origem Biblioteca atual Data de aquisição Total de empréstimos Código de barras Data de último acesso Data do preço efetivo Tipo de material Koha Nota pública
    Classificação Decimal de Dewey     Novo Tempo - Aureliano São José Novo Tempo - Aureliano São José 04/06/2024   nt957 04/06/2024 04/06/2024 Livros Estante Verde
    Classificação Decimal de Dewey     Novo Tempo - Aureliano São José Novo Tempo - Aureliano São José 04/06/2024   nt958 04/06/2024 04/06/2024 Livros Estante Verde